Statistiques concernant Capitales de l'Europe en une minute

Cliquez ici pour prendre le quiz!

Statistiques générales

  • Ce quiz a été pris 22,970 fois
  • Le résultat moyen est 18 sur 45

Statistiques - réponses

Capitale % Correct
Paris
98%
Madrid
89%
Londres
86%
Berlin
82%
Rome
79%
Lisbonne
79%
Bruxelles
64%
Dublin
64%
Oslo
60%
Amsterdam
49%
Berne
48%
Moscou
46%
Luxembourg
44%
Vienne
43%
Stockholm
43%
Helsinki
42%
Athènes
42%
Budapest
40%
Bucarest
38%
Riga
38%
Varsovie
37%
Monaco
36%
Prague
36%
Copenhague
36%
Tallinn
33%
Vilnius
32%
Cité du Vatican
31%
Andorre-la-Vieille
30%
Sofia
30%
Kiev
30%
Zagreb
26%
Reykjavik
25%
Minsk
24%
Vaduz
23%
Saint-Marin
21%
La Valette
21%
Tirana
19%
Bratislava
19%
Belgrade
18%
Ljubljana
17%
Sarajevo
15%
Skopje
13%
Pristina
11%
Chișinău
10%
Podgorica
9%

Distribution des résultats

Percentile par nombre de réponses

% des personnes avec chaque résultat

Votre développement - résultats

Vous n’avez pas pris ce quiz